[Event "62.Camp. Veneto Quarti di Finale"]
[Site "Arquà Petrarca ITA"]
[Date "2002.05.12"]
[Round "5.25"]
[White "Colusso, Enrico"]
[Black "Calicchia, Giovanni"]
[Result "0-1"]
[WhiteElo "1446"]
[BlackElo "1585"]
[Annotator "Gabriele Ballarin"]
[PlyCount "110"]
[EventDate "2002.05.04"]
[EventType "swiss"]
[EventRounds "6"]
[EventCountry "ITA"]

1. e4 c5 2. Nf3 Nc6 3. Bb5 a6 4. Bxc6 bxc6 5. d3 d6 6. h3 Qc7 7. O-O e5 8. b3 Be7 9. Bb2 Nf6 10. Nbd2 O-O 11. c3 d5 12. exd5 cxd5 13. Re1 Bd6 14. Qc2 Nh5 15. c4 d4 16. Ne4 Re8 17. Nxd6 Qxd6 18. Bc1 Bb7 19. Ng5 f5 20. Qe2 Qg6 21. Nf3 Nf4 22. Bxf4 exf4 23. Nh4 Rxe2 24. Nxg6 Rxe1+ 25. Rxe1 hxg6 26. Re7 Rb8 27. Rc7 f3 28. g3 Bc8 29. Rxc5 Be6 30. Rc6 Kf7 31. Rd6 a5 32. Ra6 g5 33. Rxa5 g4 34. h4 Rb7 35. c5 Bd7 36. c6 Bxc6 37. Rxf5+ Ke6 38. Rf4 Ra7 39. Rxd4 Rxa2 40. Rxg4 Ra1+ 41. Kh2 Rf1 42. Rxg7 Rxf2+ 43. Kg1 Rb2 44. g4 Rxb3 45. d4 Bb5 46. Kf2 Be2 47. Rg5 Rd3 48. d5+ Kd6 49. h5 Ra3 50. Rf5 Ra8 51. Kg3 Rg8 52. Kh4 f2 53. Rxf2 Rxg4+ 54. Kh3 Re4 55. Rf5 Bg4+ 0-1

[Event "62.Camp. Veneto Quarti di Finale"]
[Site "Arquà Petrarca ITA"]
[Date "2002.05.12"]
[Round "5.26"]
[White "Di Giacomo, Antonio"]
[Black "De Nard, Stefano"]
[Result "1-0"]
[WhiteElo "1585"]
[BlackElo "1422"]
[Annotator "Gabriele Ballarin"]
[PlyCount "123"]
[EventDate "2002.05.04"]
[EventType "swiss"]
[EventRounds "6"]
[EventCountry "ITA"]

1. d4 Nf6 2. c4 g6 3. Nc3 d5 4. Nf3 Bg7 5. e3 O-O 6. Bd3 c5 7. cxd5 Nxd5 8. O-O Nc6 9. Be4 Nf6 10. d5 Nxe4 11. Nxe4 Nb4 12. Nxc5 Nxd5 13. h3 b6 14. Nb3 Bb7 15. Qe2 Qc7 16. Nbd4 e5 17. Nb5 Qc5 18. Nd2 Ba6 19. a4 Nc7 20. Qc4 Qxc4 21. Nxc4 Nxb5 22. axb5 Bxb5 23. b3 e4 24. Ra2 Rfd8 25. Ba3 Rac8 26. Rc1 Rd7 27. Rac2 Rdc7 28. Nd6 Rxc2 29. Nxc8 Rxc1+ 30. Bxc1 Bd3 31. Nxa7 Bf8 32. Nc6 Bc2 33. Nd4 Bd3 34. Bd2 Bd6 35. b4 Kf8 36. f4 Ke7 37. g4 Kd7 38. h4 Bf8 39. Kf2 Kd6 40. g5 Bg7 41. Bc3 Kd5 42. Ke1 Kc4 43. Kd2 Bf8 44. Nc6 Kb3 45. Ne5 Bxb4 46. Bxb4 Kxb4 47. Nxd3+ exd3 48. Kxd3 Kc5 49. e4 b5 50. f5 b4 51. f6 b3 52. Kc3 b2 53. Kxb2 Kd4 54. Kb3 Kxe4 55. Kc4 Ke5 56. Kc5 Ke6 57. Kc6 h6 58. Kc7 hxg5 59. hxg5 Kf5 60. Kd7 Kxg5 61. Ke7 Kf5 62. Kxf7 1-0

[Event "62.Camp. Veneto Quarti di Finale"]
[Site "Arquà Petrarca ITA"]
[Date "2002.05.12"]
[Round "5.27"]
[White "Levi Minzi, Matteo"]
[Black "Minati, Donato"]
[Result "0-1"]
[WhiteElo "1425"]
[BlackElo "1512"]
[Annotator "Gabriele Ballarin"]
[PlyCount "72"]
[EventDate "2002.05.04"]
[EventType "swiss"]
[EventRounds "6"]
[EventCountry "ITA"]

1. Nf3 Nf6 2. b3 d5 3. Bb2 e6 4. e3 Bd6 5. Nc3 O-O 6. Bd3 c6 7. Ne2 Qe7 8. Ng3 Nbd7 9. Ng5 g6 10. h4 e5 11. h5 e4 12. hxg6 fxg6 13. Be2 Be5 14. c3 Bxg3 15. fxg3 Qe5 16. Qc2 Qxg3+ 17. Kd1 Qxg5 18. Kc1 Ne5 19. Qd1 Bg4 20. Kc2 Nd3 21. Bxg4 Nxg4 22. Qg1 Rf2 23. g3 Nxe3+ 24. Kb1 Rf1+ 25. Qxf1 Nxf1 26. Rxf1 Qxd2 27. Bc1 Nxc1 28. Rxc1 e3 29. Rc2 Qd1+ 30. Kb2 Qf3 31. Re1 Qxg3 32. Rce2 Re8 33. Kc2 h5 34. Rf1 Kg7 35. Kd3 Qe5 36. Rf3 Qe4# 0-1

[Event "62.Camp. Veneto Quarti di Finale"]
[Site "Arquà Petrarca ITA"]
[Date "2002.05.12"]
[Round "5.28"]
[White "Sommacal, Giovanni"]
[Black "Quaranta, Gaetano"]
[Result "0-1"]
[WhiteElo "1300"]
[BlackElo "1588"]
[Annotator "Gabriele Ballarin"]
[PlyCount "68"]
[EventDate "2002.05.04"]
[EventType "swiss"]
[EventRounds "6"]
[EventCountry "ITA"]

1. e4 e5 2. Nf3 Nc6 3. Bc4 Nf6 4. Nc3 Be7 5. d4 exd4 6. Nxd4 O-O 7. O-O Nxd4 8. Qxd4 c5 9. Qd1 d6 10. Bf4 a6 11. e5 dxe5 12. Bxe5 b5 13. Bd5 Nxd5 14. Nxd5 Ra7 15. Nxe7+ Rxe7 16. Bd6 Rd7 17. Bxc5 Rxd1 18. Raxd1 Qc7 19. Bxf8 Kxf8 20. Rd2 Be6 21. b3 g6 22. Rfd1 Bf5 23. h3 Qc3 24. Rd6 Qxc2 25. R1d2 Qb1+ 26. Kh2 Qc1 27. g4 Be4 28. Rd1 Qc7 29. h4 Ke7 30. Kg1 Qxd6 31. Rxd6 Kxd6 32. b4 Kd5 33. f4 Bf3 34. g5 Ke4 0-1

[Event "62.Camp. Veneto Quarti di Finale"]
[Site "Arquà Petrarca ITA"]
[Date "2002.05.12"]
[Round "5.29"]
[White "Zabeo, Gianpaolo"]
[Black "Bau, Lorenzo"]
[Result "0-1"]
[WhiteElo "1300"]
[BlackElo "1300"]
[Annotator "Gabriele Ballarin"]
[PlyCount "44"]
[EventDate "2002.05.04"]
[EventType "swiss"]
[EventRounds "6"]
[EventCountry "ITA"]

1. e4 e5 2. Nf3 Nc6 3. Bc4 Nf6 4. Nc3 h6 5. d4 exd4 6. Nxd4 Nxd4 7. Qxd4 Be7 8. e5 Nh7 9. O-O O-O 10. Qg4 d5 11. Qxc8 Rxc8 12. Rd1 c6 13. Be3 Qa5 14. Rd4 dxc4 15. Rg4 Bg5 16. f4 Be7 17. Ne4 f5 18. exf6 Nxf6 19. Nxf6+ Bxf6 20. c3 Rce8 21. Bd4 Bxd4+ 22. cxd4 Re1+ 0-1

[Event "62.Camp. Veneto Quarti di Finale"]
[Site "Arquà Petrarca ITA"]
[Date "2002.05.12"]
[Round "5.30"]
[White "Bdair, Bilal"]
[Black "Crescenzio, Alberto"]
[Result "1-0"]
[WhiteElo "1300"]
[BlackElo "1300"]
[Annotator "Gabriele Ballarin"]
[PlyCount "83"]
[EventDate "2002.05.04"]
[EventType "swiss"]
[EventRounds "6"]
[EventCountry "ITA"]

1. c4 b5 2. cxb5 a6 3. Nc3 c6 4. bxc6 Nxc6 5. g3 Bb7 6. Bg2 Rb8 7. Nf3 Nf6 8. e4 e6 9. d4 d5 10. exd5 exd5 11. O-O Be7 12. Re1 O-O 13. Bf4 Bd6 14. Ne5 Re8 15. Bxd5 Nxd5 16. Nxd5 Nxe5 17. dxe5 Bxe5 18. Bxe5 Bxd5 19. Bxb8 Rxe1+ 20. Qxe1 Qxb8 21. a3 h6 22. Rd1 Be6 23. b4 Qa8 24. Rd6 Bh3 25. f3 Qxf3 26. Qf2 Qxf2+ 27. Kxf2 Kf8 28. Rxa6 Ke7 29. Rc6 Kd7 30. Rc3 g5 31. b5 Be6 32. b6 Bd5 33. Rd3 Kc6 34. b7 Kxb7 35. Rxd5 Kc6 36. Rd2 Kb5 37. Rd7 Ka4 38. Rxf7 Kxa3 39. Rh7 Kb4 40. Rxh6 Kc5 41. Re6 Kd5 42. Re1 1-0

[Event "62.Camp. Veneto Quarti di Finale"]
[Site "Arquà Petrarca ITA"]
[Date "2002.05.12"]
[Round "5.31"]
[White "Alessi, Giovanni"]
[Black "Chinello, Silvio"]
[Result "1/2-1/2"]
[WhiteElo "1492"]
[BlackElo "1300"]
[Annotator "Gabriele Ballarin"]
[PlyCount "106"]
[EventDate "2002.05.04"]
[EventType "swiss"]
[EventRounds "6"]
[EventCountry "ITA"]

1. d4 d5 2. c4 c6 3. Nc3 e5 4. e4 dxe4 5. dxe5 Qxd1+ 6. Nxd1 Bb4+ 7. Bd2 Bxd2+ 8. Kxd2 Nd7 9. f4 exf3 10. Nxf3 Ne7 11. Bd3 Nc5 12. Bc2 Bf5 13. Nf2 Rd8+ 14. Kc3 Bxc2 15. Kxc2 O-O 16. b4 Nd7 17. Rhe1 Nb6 18. Kb3 Rfe8 19. a4 Ng6 20. Rad1 Rxd1 21. Rxd1 Kf8 22. a5 Nc8 23. Nd3 Rd8 24. Kc2 b6 25. a6 Nge7 26. g4 g6 27. Re1 Kg7 28. h4 h6 29. g5 hxg5 30. hxg5 Nf5 31. e6 f6 32. gxf6+ Kxf6 33. Kc3 Re8 34. Nfe5 Rxe6 35. Ng4+ Ke7 36. Rxe6+ Kxe6 37. Nf4+ Kf7 38. Ne5+ Kf6 39. Nfxg6 Ncd6 40. Kd3 Ne8 41. Nxc6 Nc7 42. Nxa7 Nxa6 43. b5 Nc5+ 44. Kc3 Kxg6 45. Nc8 Nd7 46. Kd3 Kf6 47. Nxb6 Nxb6 48. c5 Nc8 49. Kc4 Ke6 50. b6 Nxb6+ 51. cxb6 Nd6+ 52. Kc5 Kd7 53. Kb4 Kc6 1/2-1/2

[Event "62.Camp. Veneto Quarti di Finale"]
[Site "Arquà Petrarca ITA"]
[Date "2002.05.12"]
[Round "5.32"]
[White "Franco, Leopoldo"]
[Black "Menin, Massimo"]
[Result "0-1"]
[WhiteElo "1400"]
[BlackElo "1300"]
[Annotator "Gabriele Ballarin"]
[PlyCount "68"]
[EventDate "2002.05.04"]
[EventType "swiss"]
[EventRounds "6"]
[EventCountry "ITA"]

1. d4 d5 2. c3 Nf6 3. Bg5 e6 4. h4 h6 5. Bxf6 Qxf6 6. e3 Nd7 7. Nf3 c5 8. Bb5 a6 9. Bxd7+ Bxd7 10. O-O Bd6 11. g3 Bc6 12. Nbd2 g5 13. Ne5 Bxe5 14. dxe5 Qxe5 15. Qh5 Qg7 16. Rae1 O-O-O 17. f4 gxh4 18. Qxh4 f5 19. Rf2 Rdg8 20. Nf1 h5 21. b4 cxb4 22. cxb4 Qc3 23. Rfe2 Qxb4 24. Qf6 Qd6 25. Rc2 Kd7 26. Qf7+ Qe7 27. Qxe7+ Kxe7 28. Rh2 Kd7 29. Kf2 Rg4 30. Rh4 Rxh4 31. gxh4 Rg8 32. Ng3 Rg4 33. Nxh5 Rxh4 34. Ng3 Rh2+ 0-1

[Event "62.Camp. Veneto Quarti di Finale"]
[Site "Arquà Petrarca ITA"]
[Date "2002.05.12"]
[Round "5.33"]
[White "Mason, Michele"]
[Black "Piasentini, Gabriele"]
[Result "1-0"]
[WhiteElo "1800"]
[BlackElo "1300"]
[Annotator "Gabriele Ballarin"]
[PlyCount "99"]
[EventDate "2002.05.04"]
[EventType "swiss"]
[EventRounds "6"]
[EventCountry "ITA"]

1. e4 e5 2. Nf3 Nc6 3. Nc3 Nf6 4. Bc4 Nxe4 5. Nxe4 d5 6. Bxd5 Qxd5 7. Nc3 Qd8 8. O-O Bb4 9. d3 O-O 10. Re1 Re8 11. Bd2 Bg4 12. a3 Bc5 13. Be3 Bxe3 14. Rxe3 Nd4 15. Qd2 Nxf3+ 16. gxf3 Bh3 17. f4 exf4 18. Rxh3 Qg5+ 19. Rg3 Qh4 20. Rg2 f3 21. Rg3 Qf6 22. Qg5 Qxg5 23. Rxg5 Re6 24. Rf5 Rg6+ 25. Kh1 Rf6 26. Rxf6 gxf6 27. Rg1+ Kf8 28. Rg3 Re8 29. Rg1 f5 30. h3 f4 31. Rd1 c5 32. Kg1 f5 33. Kf1 Rd8 34. Re1 a6 35. Re5 c4 36. Rxf5+ Ke8 37. Rd5 cxd3 38. Rxd8+ Kxd8 39. cxd3 b5 40. Nd5 Kd7 41. Nxf4 Kd6 42. Ke1 Ke5 43. Nh5 Kd4 44. Kd2 a5 45. Nf6 h6 46. h4 b4 47. axb4 axb4 48. Ng8 Ke5 49. Ke3 Kf5 50. Nxh6+ 1-0

[Event "62.Camp. Veneto Quarti di Finale"]
[Site "Arquà Petrarca ITA"]
[Date "2002.05.12"]
[Round "6.3"]
[White "Navarro, Stefano"]
[Black "Trangoni, Bruno"]
[Result "1-0"]
[WhiteElo "2011"]
[BlackElo "1671"]
[Annotator "Gabriele Ballarin"]
[PlyCount "91"]
[EventDate "2002.05.04"]
[EventType "swiss"]
[EventRounds "6"]
[EventCountry "ITA"]

1. e4 e5 2. Nf3 Nc6 3. Bc4 Nf6 4. d3 Be7 5. Nc3 d6 6. h3 Na5 7. Bb3 Nxb3 8. axb3 O-O 9. O-O h6 10. d4 exd4 11. Nxd4 Bd7 12. f4 a6 13. Kh1 Qc8 14. Qf3 c5 15. Nde2 Bc6 16. Ng3 Qe6 17. f5 Qd7 18. Nd5 Bd8 19. Bf4 Re8 20. Nxf6+ Bxf6 21. Rad1 Be5 22. f6 g5 23. Bxe5 Rxe5 24. Qh5 Kh7 25. Nf5 Rxf5 26. exf5 d5 27. Rde1 Re8 28. Qd1 d4 29. Rxe8 Qxe8 30. Qe1 Be4 31. Kh2 Qe5+ 32. g3 Qd5 33. Rf2 d3 34. cxd3 Qxd3 35. Qe2 Qd4 36. Qd2 Qxf6 37. Qc3 Qd4 38. Qxd4 cxd4 39. g4 f6 40. Rd2 d3 41. b4 h5 42. Kg3 Kg7 43. Kf2 Kf7 44. Ke3 Bg2 45. Rxg2 hxg4 46. hxg4 1-0

[Event "62.Camp. Veneto Quarti di Finale"]
[Site "Arquà Petrarca ITA"]
[Date "2002.05.12"]
[Round "6.4"]
[White "Sartori, Spartaco"]
[Black "Danieli, Enrico"]
[Result "1-0"]
[WhiteElo "2149"]
[BlackElo "2044"]
[Annotator "Gabriele Ballarin"]
[PlyCount "97"]
[EventDate "2002.05.04"]
[EventType "swiss"]
[EventRounds "6"]
[EventCountry "ITA"]

1. c4 Nf6 2. Nc3 e6 3. Nf3 d5 4. d4 Be7 5. Bg5 O-O 6. e3 h6 7. Bxf6 Bxf6 8. Rc1 c6 9. Bd3 Nd7 10. cxd5 exd5 11. b4 b5 12. a4 a6 13. a5 Be7 14. Rb1 Bd6 15. Ne2 Qe7 16. Qd2 Nf6 17. O-O Ne4 18. Bxe4 dxe4 19. Ne5 Bxe5 20. dxe5 Qxe5 21. Rfc1 Bb7 22. Qd7 Rab8 23. Rc5 Qe8 24. Qg4 Rd8 25. Nd4 Rd6 26. Qf4 Rd5 27. Rbc1 Rxc5 28. Rxc5 Qe7 29. h4 Rd8 30. Nf5 Qf6 31. Qxe4 Kf8 32. Qf4 Bc8 33. h5 Bxf5 34. Rxf5 Qe7 35. g4 f6 36. Rc5 Qd6 37. Qe4 Rc8 38. Kg2 Qd7 39. Kg3 Qd1 40. Kg2 Qd7 41. Rc3 Re8 42. Qf3 Rc8 43. Kg3 Qd6+ 44. Qf4 Qd1 45. Kg2 Qd5+ 46. e4 Qd4 47. Qf5 Rc7 48. Qc5+ Qxc5 49. Rxc5 1-0

[Event "62.Camp. Veneto Quarti di Finale"]
[Site "Arquà Petrarca ITA"]
[Date "2002.05.12"]
[Round "6.5"]
[White "Zavagli, Massimo"]
[Black "Opacic, Alexandar"]
[Result "0-1"]
[WhiteElo "1642"]
[BlackElo "2016"]
[Annotator "Gabriele Ballarin"]
[PlyCount "80"]
[EventDate "2002.05.04"]
[EventType "swiss"]
[EventRounds "6"]
[EventCountry "ITA"]

1. d4 Nf6 2. c4 g6 3. Nc3 Bg7 4. Nf3 d6 5. g3 O-O 6. Bg2 c6 7. O-O Nbd7 8. Qc2 a5 9. b3 Re8 10. Bb2 e5 11. dxe5 dxe5 12. e3 Qc7 13. Rad1 Nc5 14. Qe2 e4 15. Nd4 Bg4 16. f3 exf3 17. Nxf3 a4 18. b4 a3 19. Ba1 Nce4 20. Nxe4 Nxe4 21. Bxg7 Kxg7 22. Qc2 Qe7 23. c5 Kg8 24. Rde1 Rad8 25. Nd4 Ng5 26. b5 cxb5 27. Nxb5 Rc8 28. Nd4 Rxc5 29. Qb3 Bh3 30. Rf4 Bxg2 31. Kxg2 Ne6 32. Nxe6 Qxe6 33. Qxb7 Rc2+ 34. Kh1 Qxa2 35. Rh4 Qe6 36. Qb1 Rec8 37. e4 a2 38. Qa1 g5 39. Rh5 Qg4 40. Rh6 Qf3+ 0-1

[Event "62.Camp. Veneto Quarti di Finale"]
[Site "Arquà Petrarca ITA"]
[Date "2002.05.12"]
[Round "6.7"]
[White "Guclu, Yaman"]
[Black "Stiz, Massimiliano"]
[Result "1-0"]
[WhiteElo "1774"]
[BlackElo "1591"]
[Annotator "Gabriele Ballarin"]
[PlyCount "83"]
[EventDate "2002.05.04"]
[EventType "swiss"]
[EventRounds "6"]
[EventCountry "ITA"]

1. e4 e6 2. d4 d5 3. Nc3 Bb4 4. e5 c5 5. Bd2 a6 6. a3 cxd4 7. axb4 dxc3 8. Bxc3 Ne7 9. Nf3 Nd7 10. Bd3 Ng6 11. Qd2 Qc7 12. Qe3 Nb6 13. b5 O-O 14. Ba5 axb5 15. O-O Rxa5 16. Rxa5 Nc4 17. Bxc4 Qxa5 18. Bd3 Bd7 19. h4 Qb4 20. h5 Nf4 21. c3 Qa4 22. b3 Qxb3 23. Qxf4 Qxc3 24. Qe3 Rc8 25. h6 gxh6 26. Rd1 Kg7 27. Nd4 Rc4 28. Bxc4 Qxe3 29. fxe3 bxc4 30. Rb1 b5 31. Nxb5 f6 32. Nd4 fxe5 33. Rb7 exd4 34. Rxd7+ Kf6 35. exd4 Kf5 36. Kf2 Ke4 37. Re7 Kd3 38. Rxe6 c3 39. Ke1 Kc2 40. Rc6 h5 41. Rc5 Kb2 42. Kd1 1-0

[Event "62.Camp. Veneto Quarti di Finale"]
[Site "Arquà Petrarca ITA"]
[Date "2002.05.12"]
[Round "6.8"]
[White "Mocellin, Gianfranco"]
[Black "Vianello, Enrico"]
[Result "1-0"]
[WhiteElo "1675"]
[BlackElo "1969"]
[Annotator "Gabriele Ballarin"]
[PlyCount "67"]
[EventDate "2002.05.04"]
[EventType "swiss"]
[EventRounds "6"]
[EventCountry "ITA"]

1. f4 d6 2. Nf3 g6 3. e3 Bg7 4. d4 Nf6 5. Bd3 a5 6. O-O O-O 7. Bd2 c6 8. c3 b5 9. Qe2 Nbd7 10. Rc1 Nb6 11. Be1 Nfd5 12. Nbd2 Bd7 13. Nf1 Nc7 14. Bf2 Ne6 15. h3 Rb8 16. g4 f5 17. gxf5 gxf5 18. Ng3 Nc7 19. Kh2 Kh8 20. Rg1 Qe8 21. Rg2 e5 22. fxe5 dxe5 23. Nh4 e4 24. Bc2 Nbd5 25. Nh5 Bh6 26. Bg3 Bxe3 27. Be5+ Nf6 28. Nxf6 Bf4+ 29. Bxf4 Rxf6 30. Bxc7 Re6 31. Rag1 c5 32. Bxb8 Qxb8+ 33. Kh1 Re8 34. Qh5 1-0

[Event "62.Camp. Veneto Quarti di Finale"]
[Site "Arquà Petrarca ITA"]
[Date "2002.05.12"]
[Round "6.9"]
[White "Valentini, Luca"]
[Black "Pomaro, Stefano"]
[Result "1/2-1/2"]
[WhiteElo "1785"]
[BlackElo "1626"]
[Annotator "Gabriele Ballarin"]
[PlyCount "40"]
[EventDate "2002.05.04"]
[EventType "swiss"]
[EventRounds "6"]
[EventCountry "ITA"]

1. e4 c6 2. d4 d5 3. Nc3 dxe4 4. Nxe4 Nf6 5. Nxf6+ gxf6 6. Nf3 Bg4 7. Be2 Qc7 8. Be3 Nd7 9. Qd2 e6 10. O-O-O Bd6 11. h3 Bh5 12. Rhe1 O-O-O 13. Kb1 Bg6 14. Bd3 Kb8 15. c4 c5 16. Bxg6 hxg6 17. d5 e5 18. Qc2 Rhe8 19. Bd2 f5 20. Ng5 Nf6 1/2-1/2

[Event "62.Camp. Veneto Quarti di Finale"]
[Site "Arquà Petrarca ITA"]
[Date "2002.05.12"]
[Round "6.10"]
[White "Canazza, Alessandro"]
[Black "Quaranta, Cristiano"]
[Result "1-0"]
[WhiteElo "1600"]
[BlackElo "1783"]
[Annotator "Gabriele Ballarin"]
[PlyCount "137"]
[EventDate "2002.05.04"]
[EventType "swiss"]
[EventRounds "6"]
[EventCountry "ITA"]

1. d4 d5 2. c4 e6 3. Nf3 Nf6 4. g3 dxc4 5. Qa4+ Bd7 6. Qxc4 Bc6 7. Bg2 Nbd7 8. O-O Nb6 9. Qd3 Be4 10. Qd1 Be7 11. Nbd2 Bc6 12. b3 O-O 13. Bb2 a5 14. Nc4 Nbd5 15. Nfe5 Bb5 16. a3 Nd7 17. Nxd7 Bxd7 18. Qd2 a4 19. b4 Bb5 20. Rac1 Bxc4 21. Rxc4 c6 22. Rd1 Qd7 23. Qc1 Rfd8 24. e4 Nb6 25. Rc2 Bf6 26. d5 Bxb2 27. Qxb2 cxd5 28. Qd4 dxe4 29. Qxd7 Rxd7 30. Rxd7 Nxd7 31. Bxe4 Kf8 32. Bxb7 Ra7 33. Bg2 Ke7 34. Kf1 Kd6 35. Ke2 Nf6 36. h3 Nd5 37. Kd3 f6 38. Rc5 Ne7 39. Bf3 Ng6 40. Bd1 Ne5+ 41. Ke4 f5+ 42. Ke3 g5 43. f4 gxf4+ 44. gxf4 Nc6 45. Bf3 Rc7 46. Rxc6+ Rxc6 47. Bxc6 Kxc6 48. Kd4 Kd6 49. h4 h6 50. h5 Kc7 51. Ke5 Kd7 52. b5 Kc7 53. Kxe6 Kb6 54. Kxf5 Kxb5 55. Kg6 Kc4 56. f5 Kb3 57. f6 Kxa3 58. f7 Kb2 59. f8=Q a3 60. Qxa3+ Kxa3 61. Kxh6 Kb4 62. Kg7 Kc5 63. h6 Kd6 64. h7 Ke6 65. h8=R Ke7 66. Rh6 Kd7 67. Kf7 Kc7 68. Ke7 Kb7 69. Kd7 1-0

[Event "62.Camp. Veneto Quarti di Finale"]
[Site "Arquà Petrarca ITA"]
[Date "2002.05.12"]
[Round "6.11"]
[White "Baracchi, Filippo"]
[Black "Chinello, Gianmarco"]
[Result "1/2-1/2"]
[WhiteElo "1756"]
[BlackElo "1600"]
[Annotator "Gabriele Ballarin"]
[PlyCount "33"]
[EventDate "2002.05.04"]
[EventType "swiss"]
[EventRounds "6"]
[EventCountry "ITA"]

1. e4 e5 2. Nc3 Bc5 3. Nf3 d6 4. Bc4 Nc6 5. d3 Bg4 6. h3 Bh5 7. g4 Bg6 8. h4 h6 9. h5 Bh7 10. g5 Qd7 11. Rg1 hxg5 12. Nxg5 Nh6 13. Nxh7 Rxh7 14. Bxh6 Rxh6 15. Rxg7 O-O-O 16. Nb5 Rf6 17. Qg4 1/2-1/2

[Event "62.Camp. Veneto Quarti di Finale"]
[Site "Arquà Petrarca ITA"]
[Date "2002.05.12"]
[Round "6.12"]
[White "Bettera, Roberto"]
[Black "Marson, Luca"]
[Result "1/2-1/2"]
[WhiteElo "1594"]
[BlackElo "1732"]
[Annotator "Gabriele Ballarin"]
[PlyCount "44"]
[EventDate "2002.05.04"]
[EventType "swiss"]
[EventRounds "6"]
[EventCountry "ITA"]

1. d4 Nf6 2. c4 g6 3. Nc3 Bg7 4. e4 d6 5. Nf3 O-O 6. Be2 e5 7. Be3 Nc6 8. d5 Ne7 9. Nd2 Ne8 10. g4 f5 11. gxf5 gxf5 12. Bg5 f4 13. Rg1 Kh8 14. Bg4 Bf6 15. Bxc8 Qxc8 16. Qh5 Rg8 17. Nf3 Ng6 18. O-O-O Qd7 19. Rg2 Bxg5 20. Rxg5 Nf6 21. Qh6 Ng4 22. Qh5 Nf6 1/2-1/2

[Event "62.Camp. Veneto Quarti di Finale"]
[Site "Arquà Petrarca ITA"]
[Date "2002.05.12"]
[Round "6.13"]
[White "Lorenzini, Adriano"]
[Black "Liguori, Michele"]
[Result "0-1"]
[WhiteElo "1723"]
[BlackElo "1600"]
[Annotator "Gabriele Ballarin"]
[PlyCount "68"]
[EventDate "2002.05.04"]
[EventType "swiss"]
[EventRounds "6"]
[EventCountry "ITA"]

1. e4 c6 2. d4 d5 3. Nc3 dxe4 4. Nxe4 Nd7 5. Bc4 Ngf6 6. Ng5 e6 7. Qe2 Nb6 8. Bb3 h6 9. N5f3 c5 10. c3 Qc7 11. Ne5 cxd4 12. Ngf3 dxc3 13. O-O Be7 14. Bf4 cxb2 15. Qxb2 Nbd5 16. Bg3 Qa5 17. Rac1 Ba3 18. Qb1 Bxc1 19. Nc4 Qa6 20. Nd6+ Ke7 21. Rxc1 Bd7 22. Re1 Kf8 23. Ne5 Be8 24. Nd3 Qb6 25. Qb2 Rd8 26. Qa3 Kg8 27. Nc4 Qa6 28. Qb2 Bb5 29. Nde5 Nb6 30. Ne3 Ba4 31. Bh4 Bxb3 32. axb3 Qa5 33. f4 Nbd5 34. Rd1 Nxe3 0-1

[Event "62.Camp. Veneto Quarti di Finale"]
[Site "Arquà Petrarca ITA"]
[Date "2002.05.12"]
[Round "6.14"]
[White "Zotti, Enrico"]
[Black "Ceccherini, Paolo"]
[Result "1-0"]
[WhiteElo "1749"]
[BlackElo "1516"]
[Annotator "Gabriele Ballarin"]
[PlyCount "51"]
[EventDate "2002.05.04"]
[EventType "swiss"]
[EventRounds "6"]
[EventCountry "ITA"]

1. Nf3 Nf6 2. b3 g6 3. Bb2 Bg7 4. e4 d6 5. Be2 O-O 6. d3 c5 7. Nbd2 Nc6 8. O-O Qc7 9. c4 b6 10. d4 cxd4 11. Nxd4 Nd7 12. Nb5 Qd8 13. Bxg7 Kxg7 14. f4 a6 15. Nc3 Nd4 16. Nf3 Nxe2+ 17. Qxe2 b5 18. cxb5 axb5 19. Rfc1 Ba6 20. Nd5 Ra7 21. Qb2+ f6 22. Nd4 Nc5 23. Rxc5 dxc5 24. Ne6+ Kg8 25. Nxd8 Rxd8 26. Nxe7+ 1-0

[Event "62.Camp. Veneto Quarti di Finale"]
[Site "Arquà Petrarca ITA"]
[Date "2002.05.12"]
[Round "6.15"]
[White "Cacco, Christian"]
[Black "Baracchi, Leonardo"]
[Result "1-0"]
[WhiteElo "2166"]
[BlackElo "1600"]
[Annotator "Gabriele Ballarin"]
[PlyCount "39"]
[EventDate "2002.05.04"]
[EventType "swiss"]
[EventRounds "6"]
[EventCountry "ITA"]

1. d4 d5 2. Nf3 Nf6 3. Bf4 Bf5 4. c4 e6 5. Nc3 Nbd7 6. e3 Be7 7. Qb3 dxc4 8. Bxc4 Nb6 9. Be2 O-O 10. O-O c6 11. Rfd1 Bd6 12. Bg5 Be7 13. a4 Qc7 14. Rac1 Nbd5 15. Ne5 Bd6 16. Nb5 Qd8 17. Nxd6 Qxd6 18. Qxb7 Rfb8 19. Qxf7+ Kh8 20. Bxf6 1-0

[Event "62.Camp. Veneto Quarti di Finale"]
[Site "Arquà Petrarca ITA"]
[Date "2002.05.12"]
[Round "6.16"]
[White "Maniero, Andrea"]
[Black "Bassetto, Marco"]
[Result "0-1"]
[WhiteElo "1600"]
[BlackElo "1792"]
[Annotator "Gabriele Ballarin"]
[PlyCount "86"]
[EventDate "2002.05.04"]
[EventType "swiss"]
[EventRounds "6"]
[EventCountry "ITA"]

1. e4 e5 2. Nf3 Nc6 3. Bb5 a6 4. Ba4 Nf6 5. O-O b5 6. Bb3 Be7 7. Re1 O-O 8. h3 d5 9. exd5 Nxd5 10. Nxe5 Nxe5 11. Rxe5 c6 12. d4 Bd6 13. Bg5 Qc7 14. Re1 f6 15. Nc3 Bb7 16. Bd2 Kh8 17. Nxd5 cxd5 18. Qf3 Qd7 19. c3 Rae8 20. Kh1 Bc7 21. Bc2 f5 22. Rxe8 Qxe8 23. Re1 Qd8 24. Qe2 Bd6 25. Qe6 Bc6 26. Bd3 Rf6 27. Qe2 f4 28. Qf3 a5 29. b4 a4 30. a3 g6 31. h4 h6 32. h5 g5 33. Bg6 Kg7 34. Qe2 f3 35. gxf3 Qf8 36. Kg2 Bd7 37. f4 gxf4 38. Qd3 f3+ 39. Kh1 Bh3 40. Qe3 Bg2+ 41. Kg1 Rf4 42. Bc1 Kh8 43. Qe8 Rh4 0-1

[Event "62.Camp. Veneto Quarti di Finale"]
[Site "Arquà Petrarca ITA"]
[Date "2002.05.12"]
[Round "6.17"]
[White "Minati, Donato"]
[Black "Roberti, Ignazio"]
[Result "1/2-1/2"]
[WhiteElo "1512"]
[BlackElo "1769"]
[Annotator "Gabriele Ballarin"]
[PlyCount "97"]
[EventDate "2002.05.04"]
[EventType "swiss"]
[EventRounds "6"]
[EventCountry "ITA"]

1. c4 Nf6 2. Nc3 c5 3. g3 Nc6 4. Bg2 g6 5. e3 Bg7 6. Nge2 O-O 7. O-O d6 8. d4 cxd4 9. exd4 Bf5 10. a3 Qd7 11. b4 Bh3 12. Bb2 Bxg2 13. Kxg2 h5 14. h3 Qf5 15. Qb1 Qd7 16. Qd3 d5 17. c5 Rac8 18. Rfe1 Nh7 19. Bc1 Rfe8 20. Be3 Rcd8 21. Qd2 Nf6 22. Qd3 Nh7 23. Nc1 e5 24. Nb3 e4 25. Qe2 Qf5 26. Nb5 Bf8 27. Nd2 a6 28. Nc3 Bg7 29. Nb3 Ng5 30. Bxg5 Nxd4 31. Nxd4 Bxd4 32. Bxd8 Bxc3 33. Bb6 Qf3+ 34. Qxf3 exf3+ 35. Kxf3 Rxe1 36. Rxe1 Bxe1 37. Ke3 d4+ 38. Ke2 Bc3 39. f3 f5 40. g4 Kf7 41. Bc7 Ke6 42. gxh5 gxh5 43. f4 Kd5 44. Kd3 Bb2 45. a4 Bc3 46. Ba5 Be1 47. Ke2 Bg3 48. Bc7 Kc4 49. Bd6 1/2-1/2